000 00569nam a2200217Ia 4500
005 20241216010446.0
008 180423s9999||||xx |||||||||||||| ||und||
082 _a532.02
_bS83
100 _aSTREETER, VICTOR L.
245 0 _aMECANICA DE LOS FLUIDOS
250 _a2
260 _aESPAÑA
_bMCGRAW-HILL COMPANY, INC.
_c1963
300 _a486 pag
_c23 cm
341 _h0
490 _v0
_a0
505 _aFUNDAMENTOS-MECANICA FLUIDOS/APLICACIONES-MECANICA FLUIDOS
541 _aC
_d03-May-94
650 _aCIENCIAS PURAS
856 _zCC. Puras
942 _cLIBRO
999 _c15002
_d15002